Statistiken für Wörter im Namen der Länder

Klicken Sie hier um das Quiz zu spielen!

Allgemein

  • Dieses Quiz wurde 700 mal gespielt
  • Das Durchschnittsergebnis liegt bei 11 aus 15

Antwortstatistiken

WortLand% Korrekt
WeißWeißrussland
97%
PortPortugal
88%
OlivBolivien
86%
KüsteElfenbeinküste
85%
ArmArmenien
82%
SeeNeuseeland
79%
Herz Bosnien und Herzegowina
78%
NordNordkorea
78%
KönigVereinigtes Königreich
73%
MarkDänemark
72%
SteinLiechtenstein
70%
RundBurundi
58%
BurgLuxemburg
53%
AltMalta
37%
zuVenezuela
31%

Verteilung der Resultate

Perzentil nach korrekt beantworteten Fragen

Anzahl Personen mit jedem Resultat

Ihre Resultats-Entwicklung

Sie haben dieses Quiz noch nicht gespielt